Thiết kế ảnh động và thiệp điện tử bằng Macromedia Flash MX một cách nhanh chóng và có hiệu quả nhất qua các chương trình mẫu /

Đã lưu trong:
書目詳細資料
主要作者: Đậu Quang Tuấn
格式: Sách giấy
語言:Vietnamese
出版: H. : Giao thông Vận tải, 2006
主題:
標簽: 添加標簽
沒有標簽, 成為第一個標記此記錄!
Thư viện lưu trữ: Thư viện Trường Đại học Đà Lạt
LEADER 00879nam a2200301 4500
001 DLU060055445
005 ##20061006
040 # # |a DLU  |b vie 
041 # # |a vie 
044 # # |a vn 
082 # # |a 006.696  |b DA-T 
100 # # |a Đậu Quang Tuấn 
245 # # |a Thiết kế ảnh động và thiệp điện tử bằng Macromedia Flash MX một cách nhanh chóng và có hiệu quả nhất qua các chương trình mẫu /  |c Đậu Quang Tuấn 
260 # # |a H. :  |b Giao thông Vận tải,  |c 2006 
300 # # |a 400 tr. :  |b minh hoạ ;  |c 21 cm 
653 # # |a Hình ảnh động 
653 # # |a Phần mềm Flash 
653 # # |a Thiết kế mỹ thuật 
923 # # |a 21/2006 
992 # # |a 50.000 
994 # # |a DLU 
900 # # |a True 
911 # # |a Đào Thị Thu Huyền 
925 # # |a G 
926 # # |a A 
927 # # |a SH 
980 # # |a Thư viện Trường Đại học Đà Lạt